| 000 | 00958nam a2200229 i 4500 | ||
|---|---|---|---|
| 001 | 157011 | ||
| 003 | ES-MaACL | ||
| 005 | 20250815150255.0 | ||
| 008 | 180109s1867 sp |||| |bspa d | ||
| 245 | 0 | 0 | _aDiscursos leídos ante la Real Academia Española en la recepción pública del Excelentísimo Señor Don Antonio Cánovas del Castillo, el día 3 de noviembre de 1867. |
| 260 |
_aMadrid : _b[s.n.], _c1867 ( _fImp. y Estereotipia de M. Rivadeneyra) |
||
| 300 |
_a89 p. ; _c25 cm. |
||
| 594 | _aRecoge los discursos de ingreso de Antonio Cánovas del Castillo y el de contestación de Juan Valera. | ||
| 594 | _aTema: La libertad en la palabra. | ||
| 650 | 4 |
_aEstética. _9142387 |
|
| 650 | 7 |
_aEstética literaria _2embne _912544 |
|
| 700 | 1 |
_aCánovas del Castillo, Antonio, _d1828-1897 _934600 |
|
| 700 | 1 |
_aValera, Juan, _d1824-1905 _9112638 |
|
| 710 | 2 |
_aReal Academia Española _96336 |
|
| 852 |
_aES-MaACL _jK-142(2) |
||
| 999 |
_c157011 _d157011 |
||